Il testo di francese : per le scuole secondarie d'avviamento al lavoro. 3. classe
Gespeichert in:
| 1. Verfasser: | |
|---|---|
| Format: | Buch |
| Sprache: | Italienisch |
| Erschienen: |
Torino
G. B. Paravia e C.
1930
|
| Katalog: | EDISCO: Suchergebnis im Bibliothekskatalog |
| Schulbuchspezifische Eigenschaften: |
|
| Tags: |
Tag hinzufügen
Keine Tags, Fügen Sie den ersten Tag hinzu!
|
| Hinzugefügt zu: | 30.04.2016 |
| Geändert in: | 18.10.2017 |
MARC
| LEADER | 00000aam a22000007 4500 | ||
|---|---|---|---|
| 001 | 08667 | ||
| 003 | OSt | ||
| 005 | 20171018100954.0 | ||
| 008 | 160501s1930 it 000 0 ita | ||
| 040 | |c Marco Di Giovanni | ||
| 041 | 1 | |a ita | |
| 100 | 1 | |a Lagorio, Giulio | |
| 245 | 0 | 0 | |a Il testo di francese : per le scuole secondarie d'avviamento al lavoro. 3. classe |
| 260 | |a Torino |b G. B. Paravia e C. |c 1930 | ||
| 300 | |a 160 p., 1/x ; |c in 8° | ||
| 510 | 3 | |a L. 10 | |
| 901 | |a 7 | ||
| 942 | |2 ddc |c BK | ||
| 546 | |a ita | ||
| 999 | |c 8656 |d 8656 | ||
| 999 | |c edisco:8656 |d 8656 | ||